Kalkulácia, zisk a príspevkový zisk výrobku

Základná charakteristika kalkulácie. Ukazovateľ príspevkového zisku, ktorý má veľkú vypovedaciu schopnosť pre hodnotenie výrobkov a rozhodovanie o sortimente výroby. Kalkulačný vzorec. Výpočet príspevkového zisku. Výpočet dolnej cenovej hranice výrobku.

Gespeichert in:
Bibliographische Detailangaben
1. Verfasser: Kalafutová, Ľudmila
Format: Buchkapitel
Sprache:Slowakisch
Schlagworte:
Tags: Tag hinzufügen
Keine Tags, Fügen Sie das erste Tag hinzu!

MARC

LEADER 00000naa a2200000 4500
001 r016630
005 20221205101543.1
041 0 |a slo 
044 |a SK 
245 1 0 |a Kalkulácia, zisk a príspevkový zisk výrobku  |c Ľudmila Kalafutová 
520 |a Základná charakteristika kalkulácie. Ukazovateľ príspevkového zisku, ktorý má veľkú vypovedaciu schopnosť pre hodnotenie výrobkov a rozhodovanie o sortimente výroby. Kalkulačný vzorec. Výpočet príspevkového zisku. Výpočet dolnej cenovej hranice výrobku. 
610 2 0 |a kalkulácia 
610 2 0 |a kalkulácia nákladov 
610 2 0 |a zisk 
610 2 0 |a ceny 
610 2 0 |a výrobky 
610 2 0 |a rentabilita 
610 2 0 |a ukazovatele rentability 
100 1 |a Kalafutová, Ľudmila